The potential of development charges in the Scottish planning system (Record no. 112436)

MARC details
000 -LEADER
fixed length control field 01012cad a22002535a 4500
001 - CONTROL NUMBER
control field E153257
008 - FIXED-LENGTH DATA ELEMENTS--GENERAL INFORMATION
fixed length control field 110704s2011 xxk f s000 0 eng d
020 ## - INTERNATIONAL STANDARD BOOK NUMBER
International Standard Book Number 9781780452418
022 1# - INTERNATIONAL STANDARD SERIAL NUMBER
International Standard Serial Number 2045-6964
035 ## - SYSTEM CONTROL NUMBER
System control number (Sirsi) u153257
041 0# - LANGUAGE CODE
Language code of text/sound track or separate title eng
110 2# - MAIN ENTRY--CORPORATE NAME
Corporate name or jurisdiction name as entry element GVA
9 (RLIN) 5945
245 04 - TITLE STATEMENT
Title The potential of development charges in the Scottish planning system
Medium [electronic resource]
260 ## - PUBLICATION, DISTRIBUTION, ETC.
Place of publication, distribution, etc. Edinburgh
Name of publisher, distributor, etc. Scottish Government
Date of publication, distribution, etc. 2011
520 ## - SUMMARY, ETC.
Summary, etc. Looks at the potential of development charges within the planning system in Scotland, through the use of five test models. Suggests that the measured/negotiated models are the ones whcih should be pursued.
590 ## - LOCAL NOTE (RLIN)
Local note KA
651 #4 - SUBJECT ADDED ENTRY--GEOGRAPHIC NAME
Geographic name Scotland
Chronological subdivision 1999-
690 ## - LOCAL SUBJECT ADDED ENTRY--TOPICAL TERM (OCLC, RLIN)
Topical term or geographic name as entry element ENVIRONMENTAL AND LAND CONSULTANCY-PLANNING AND DEVELOPMENT
700 1# - ADDED ENTRY--PERSONAL NAME
Personal name Tolson, Steven
710 1# - ADDED ENTRY--CORPORATE NAME
Corporate name or jurisdiction name as entry element DLA Piper
710 1# - ADDED ENTRY--CORPORATE NAME
Corporate name or jurisdiction name as entry element Turner & Townsend
856 40 - ELECTRONIC LOCATION AND ACCESS
Uniform Resource Identifier <a href="https://www.scotland.gov.uk/Publications/2011/06/29082709/0">https://www.scotland.gov.uk/Publications/2011/06/29082709/0</a>
Public note View the item free of charge at www.scotland.gov.uk
942 ## - ADDED ENTRY ELEMENTS (KOHA)
Suppress in OPAC 0
Holdings
Withdrawn status Lost status Source of classification or shelving scheme Damaged status Not for loan Home library Current library Shelving location Date acquired Total Checkouts Full call number Barcode Date last seen Copy number Price effective from Koha item type
    Dewey Decimal Classification     Virtual Virtual Online 04/07/2011   ONLINE PUBLICATION 153257-2001 06/08/2019 1 06/08/2019 Book